[Event "Magyar Korcsoportos Bajnokság lány18"]
[Site "Eger"]
[Date "2022.07.24"]
[Round "1.1"]
[White "Somogyi, Barbara"]
[Black "Toth, Nikoletta"]
[Result "1-0"]
[WhiteElo "1682"]
[BlackElo "1914"]
[PlyCount "107"]
[EventDate "2022.07.23"]
[EventType "tourn"]
[EventRounds "7"]
[EventCountry "HUN"]

1. e4 e5 2. Nf3 Nc6 3. Bc4 Bc5 4. c3 Nf6 5. d4 exd4 6. e5 d5 7. Bb5 Ne4 8. cxd4
Bb6 9. Nc3 O-O 10. Bxc6 bxc6 11. O-O Nxc3 12. bxc3 Re8 13. Bg5 Qd7 14. Qd3 c5
15. Rfd1 c4 16. Qd2 Ba5 17. Qc2 Re6 18. Rac1 Qe8 19. Kh1 Bd7 20. Rf1 Qc8 21.
Nh4 Rb6 22. f4 f6 23. exf6 gxf6 24. Bh6 f5 25. Bg5 Qf8 26. Nf3 Rab8 27. Qf2 Qg7
28. Ne5 Be8 29. Rfe1 h6 30. Bh4 Rb2 31. Qf3 c6 32. Rg1 Rxa2 33. g4 Rbb2 34. Rg3
Rxh2+ 35. Kg1 Kf8 36. gxf5 Qh7 37. Ng6+ Bxg6 38. fxg6 Qd7 39. Qh5 Bd8 40. Qxh6+
Kg8 41. Qh7+ Qxh7 42. gxh7+ Kxh7 43. Bxd8 Rhe2 44. f5 Re8 45. Bf6 Ree2 46. Be5
c5 47. f6 cxd4 48. f7 Rf2 49. Rf1 Rxf1+ 50. Kxf1 Ra1+ 51. Kg2 Ra2+ 52. Kf3 Ra1
53. Kf4 Rf1+ 54. Rf3 1-0

[Event "Magyar Korcsoportos Bajnokság lány18"]
[Site "Eger"]
[Date "2022.07.24"]
[Round "1.3"]
[White "Kiss, Eniko"]
[Black "Juhasz, Judit"]
[Result "0-1"]
[WhiteElo "1646"]
[BlackElo "2037"]
[PlyCount "94"]
[EventDate "2022.07.23"]
[EventType "tourn"]
[EventRounds "7"]
[EventCountry "HUN"]

1. c4 c5 2. g3 Nc6 3. Bg2 g6 4. Nc3 Bg7 5. e3 e5 6. b3 d6 7. Bb2 Nge7 8. Nge2
Be6 9. Ne4 h6 10. d4 exd4 11. exd4 Nf5 12. Nd2 Nfxd4 13. Nxd4 cxd4 14. Nf3 Qa5+
15. Kf1 Qb6 16. Rc1 O-O 17. Qd2 d5 18. cxd5 Bxd5 19. Ne1 Qa6+ 20. Qd3 Bxg2+ 21.
Kxg2 Qxa2 22. Ba1 Qa5 23. Nf3 Rad8 24. Rhd1 Qd5 25. Kg1 Nb4 26. Qd2 Qxf3 27.
Qxb4 d3 28. Bxg7 Kxg7 29. Rd2 Rfe8 30. Rcd1 Re2 31. Qf4 Qxf4 32. gxf4 Rxd2 33.
Rxd2 Kf6 34. Kg2 Kf5 35. Kf3 b5 36. Ke3 a5 37. Rxd3 Rxd3+ 38. Kxd3 Kxf4 39. Kd4
a4 40. bxa4 bxa4 41. Kc4 Kf3 42. Kb4 Kxf2 43. Kxa4 f5 44. Kb3 f4 45. Kc2 f3 46.
Kd2 Kg2 47. h4 f2 0-1

[Event "Magyar Korcsoportos Bajnokság lány18"]
[Site "Eger"]
[Date "2022.07.24"]
[Round "1.4"]
[White "Ivan, Reka Gyongyver"]
[Black "Sulyok, Eszter"]
[Result "0-1"]
[WhiteElo "1877"]
[BlackElo "2091"]
[PlyCount "116"]
[EventDate "2022.07.23"]
[EventType "tourn"]
[EventRounds "7"]
[EventCountry "HUN"]

1. d4 d5 2. Bf4 Nf6 3. e3 c5 4. c3 Nc6 5. Nd2 Bf5 6. Ngf3 Qb6 7. b4 cxb4 8. c4
e6 9. c5 Qd8 10. Bb5 Rc8 11. Qa4 Nd7 12. Bxc6 Rxc6 13. Qxb4 b6 14. Qa4 Qc8 15.
Nb3 bxc5 16. dxc5 Bxc5 17. O-O O-O 18. Rfc1 Qa8 19. Na5 Ra6 20. Qb5 Bd3 21.
Qxd7 Rxa5 22. Ne5 Bb5 23. Qc7 Bb6 24. Qe7 Qe8 25. Qd6 f6 26. Nc6 Ra6 27. a4
Rxa4 28. Rxa4 Bxa4 29. Ne7+ Kh8 30. Rc8 Bd8 31. Nc6 Bxc6 32. Rxc6 e5 33. Bg3 d4
34. exd4 exd4 35. h4 Bb6 36. h5 Qd8 37. Qf4 Qd5 38. Qd6 Qxd6 39. Bxd6 Rd8 40.
Be7 Re8 41. Bc5 Bxc5 42. Rxc5 Ra8 43. Rd5 a5 44. Rxd4 a4 45. Rd2 a3 46. Ra2 Kg8
47. Kf1 Kf7 48. Ke2 Ke6 49. g4 Ke5 50. Ke3 Ra7 51. f3 Ra4 52. Ke2 f5 53. gxf5
Kxf5 54. Ke3 Kg5 55. f4+ Kxh5 56. Rh2+ Kg6 57. Rg2+ Kf6 58. Ra2 Kf5 0-1

[Event "Magyar Korcsoportos Bajnokság lány18"]
[Site "Eger"]
[Date "2022.07.25"]
[Round "2.1"]
[White "Toth, Nikoletta"]
[Black "Sulyok, Eszter"]
[Result "1-0"]
[WhiteElo "1914"]
[BlackElo "2091"]
[PlyCount "63"]
[EventDate "2022.07.23"]
[EventType "tourn"]
[EventRounds "7"]
[EventCountry "HUN"]

1. Nf3 d5 2. g3 Nf6 3. Bg2 c6 4. O-O Bf5 5. b3 e6 6. Bb2 Bd6 7. d3 O-O 8. Nbd2
h6 9. Re1 Be7 10. e4 Bh7 11. Qe2 a5 12. a3 Qb6 13. Rab1 Qa6 14. c4 Nbd7 15. Nd4
Rfc8 16. Rbd1 Bf8 17. Kh1 b5 18. f4 Rab8 19. f5 e5 20. N4f3 bxc4 21. dxc4 dxe4
22. Nxe5 Nc5 23. Qe3 Re8 24. Bd4 Rxe5 25. Bxe5 Ng4 26. Qd4 Re8 27. Nxe4 Nxb3
28. Qb2 Rxe5 29. h3 Nf2+ 30. Qxf2 Qxc4 31. Qf4 Rxf5 32. Nf6+ 1-0

[Event "Magyar Korcsoportos Bajnokság lány18"]
[Site "Eger"]
[Date "2022.07.25"]
[Round "2.2"]
[White "Juhasz, Judit"]
[Black "Ivan, Reka Gyongyver"]
[Result "1-0"]
[WhiteElo "2037"]
[BlackElo "1877"]
[PlyCount "77"]
[EventDate "2022.07.23"]
[EventType "tourn"]
[EventRounds "7"]
[EventCountry "HUN"]

1. e4 c6 2. d4 d5 3. e5 Bf5 4. h4 h5 5. c4 e6 6. Nc3 Nd7 7. cxd5 cxd5 8. Bd3
Bxd3 9. Qxd3 Ne7 10. Bg5 Qb6 11. Nge2 Nf5 12. Nxd5 exd5 13. Qxf5 Bb4+ 14. Kf1
Nf8 15. a3 Be7 16. Rh3 Qe6 17. Qd3 Ng6 18. Qb5+ Qd7 19. Rb3 b6 20. Rc1 Rd8 21.
Rc7 Qxb5 22. Rxb5 Rd7 23. Rc8+ Bd8 24. Rxd8+ Rxd8 25. Bxd8 Kxd8 26. Rxd5+ Ke7
27. g3 Rc8 28. Nc3 Rc6 29. Ke2 Nf8 30. Rb5 a6 31. Rb3 b5 32. Kd3 Nd7 33. Nd5+
Kd8 34. Rc3 Re6 35. f4 g6 36. Nb4 Nb6 37. d5 Re8 38. Kd4 Nc4 39. b3 1-0

[Event "Magyar Korcsoportos Bajnokság lány18"]
[Site "Eger"]
[Date "2022.07.26"]
[Round "3.1"]
[White "Koltai, Dora"]
[Black "Toth, Nikoletta"]
[Result "1-0"]
[WhiteElo "1764"]
[BlackElo "1914"]
[PlyCount "95"]
[EventDate "2022.07.23"]
[EventType "tourn"]
[EventRounds "7"]
[EventCountry "HUN"]

1. e4 e5 2. Nf3 Nc6 3. d4 exd4 4. Bc4 Bc5 5. c3 Nf6 6. e5 d5 7. Bb5 Ne4 8. cxd4
Bb6 9. Nc3 O-O 10. Be3 Nxc3 11. bxc3 h6 12. O-O Na5 13. Bd3 Qe7 14. Bc2 f5 15.
exf6 Qxf6 16. Bb3 c6 17. Ne5 Bc7 18. f4 Bf5 19. Qh5 Bxe5 20. dxe5 Qe6 21. Rac1
b6 22. Bc2 Nc4 23. Bxf5 Rxf5 24. Qe2 Re8 25. Rce1 Re7 26. g4 Rf8 27. Qg2 Qd7
28. Bc1 Kf7 29. Re2 Ke8 30. Qg3 Kd8 31. f5 Kc8 32. e6 Qd6 33. Qxd6 Nxd6 34. Bf4
Ne4 35. Rxe4 dxe4 36. Bd6 Rfe8 37. Bxe7 Rxe7 38. Kf2 Kd8 39. Ke3 Rc7 40. Kxe4
Ke7 41. Ke5 Rc8 42. Rd1 Rc7 43. h4 c5 44. g5 hxg5 45. hxg5 c4 46. f6+ Ke8 47.
f7+ Ke7 48. Rd7+ 1-0

[Event "Magyar Korcsoportos Bajnokság lány18"]
[Site "Eger"]
[Date "2022.07.26"]
[Round "3.3"]
[White "Ivan, Reka Gyongyver"]
[Black "Buri, Kata"]
[Result "1-0"]
[WhiteElo "1877"]
[BlackElo "1730"]
[PlyCount "87"]
[EventDate "2022.07.23"]
[EventType "tourn"]
[EventRounds "7"]
[EventCountry "HUN"]

1. d4 Nf6 2. Bg5 g6 3. Bxf6 exf6 4. c4 Bg7 5. Nc3 d6 6. g3 O-O 7. Bg2 c5 8. e3
Qb6 9. Qd2 Nc6 10. Nge2 f5 11. Nd5 Qd8 12. O-O a6 13. Rab1 Rb8 14. b4 cxd4 15.
Nxd4 Ne5 16. Rfc1 b5 17. cxb5 axb5 18. Qe2 Bd7 19. Nc7 Rc8 20. Ncxb5 Qb6 21. a3
Nc6 22. Rd1 Nxd4 23. Nxd4 Rc3 24. Qa2 Rfc8 25. Bd5 Bxd4 26. Rxd4 Rc2 27. Qa1
Qa6 28. Bf3 Be6 29. b5 Qb6 30. Bd5 Bxd5 31. Rxd5 Qb7 32. Rbd1 R8c3 33. Qb1 Rc1
34. Rxc1 Rxc1+ 35. Qxc1 Qxd5 36. b6 Qb5 37. Qc8+ Kg7 38. b7 Qb1+ 39. Kg2 Qe4+
40. f3 Qxe3 41. Qc2 Qb6 42. Qc3+ f6 43. Qb4 Qa6 44. Qb2 1-0

[Event "Magyar Korcsoportos Bajnokság lány18"]
[Site "Eger"]
[Date "2022.07.26"]
[Round "3.4"]
[White "Sulyok, Eszter"]
[Black "Juhasz, Judit"]
[Result "1-0"]
[WhiteElo "2091"]
[BlackElo "2037"]
[PlyCount "77"]
[EventDate "2022.07.23"]
[EventType "tourn"]
[EventRounds "7"]
[EventCountry "HUN"]

1. d4 Nf6 2. c4 g6 3. Nc3 Bg7 4. e4 d6 5. f3 O-O 6. Be3 Nc6 7. Qd2 e5 8. Nge2
Nd7 9. d5 Ne7 10. g4 f5 11. gxf5 gxf5 12. Bg5 Nf6 13. O-O-O a6 14. h4 b5 15. a3
Rb8 16. h5 b4 17. axb4 Rxb4 18. h6 Bh8 19. Ng3 f4 20. Nh5 Nxh5 21. Rxh5 Qe8 22.
Bxe7 Qxh5 23. Qg2+ Qg6 24. Qxg6+ hxg6 25. Bxf8 Kxf8 26. c5 Bf6 27. c6 Bg5 28.
Kc2 Bxh6 29. Ra1 Rb6 30. Nb5 Bg5 31. Nxc7 Bh4 32. Bxa6 Bxa6 33. Rxa6 Rxa6 34.
Nxa6 Ke7 35. Nb8 Kd8 36. Nd7 Kc7 37. b4 Bf2 38. b5 g5 39. b6+ 1-0

[Event "Magyar Korcsoportos Bajnokság lány18"]
[Site "Eger"]
[Date "2022.07.27"]
[Round "4.1"]
[White "Toth, Nikoletta"]
[Black "Juhasz, Judit"]
[Result "1/2-1/2"]
[WhiteElo "1914"]
[BlackElo "2037"]
[PlyCount "89"]
[EventDate "2022.07.23"]
[EventType "tourn"]
[EventRounds "7"]
[EventCountry "HUN"]

1. Nf3 Nf6 2. g3 g6 3. b3 Bg7 4. Bb2 d6 5. d4 O-O 6. Bg2 b5 7. Nh4 c6 8. O-O
Bb7 9. c4 a6 10. e4 Nbd7 11. Nd2 Qc7 12. f4 e5 13. Nhf3 exf4 14. gxf4 Nh5 15.
Ne1 c5 16. Nc2 cxd4 17. Nb4 Nc5 18. cxb5 a5 19. Nd5 Bxd5 20. exd5 Nd3 21. Ba3
Ndxf4 22. Nc4 Rfd8 23. Qf3 d3 24. Rad1 a4 25. Kh1 axb3 26. axb3 Rxa3 27. Nxa3
Qc5 28. Nc4 Qxb5 29. Rb1 Qc5 30. Qe4 f5 31. Qe3 Bd4 32. Qd2 Nxd5 33. Rxf5 Nhf6
34. Qg5 Be5 35. Nxe5 dxe5 36. Rxf6 Nxf6 37. Qxf6 Rf8 38. Qe6+ Kh8 39. Qd5 Qxd5
40. Bxd5 Rd8 41. Bc4 e4 42. Rd1 Kg7 43. Kg2 Kf6 44. Kf2 Ke5 45. Ke3 1/2-1/2

[Event "Magyar Korcsoportos Bajnokság lány18"]
[Site "Eger"]
[Date "2022.07.27"]
[Round "4.2"]
[White "Buri, Kata"]
[Black "Sulyok, Eszter"]
[Result "1-0"]
[WhiteElo "1730"]
[BlackElo "2091"]
[PlyCount "63"]
[EventDate "2022.07.23"]
[EventType "tourn"]
[EventRounds "7"]
[EventCountry "HUN"]

1. e4 c5 2. Nf3 e6 3. d4 cxd4 4. Nxd4 a6 5. c4 Nf6 6. Nc3 Qc7 7. Qd3 d6 8. Be2
b6 9. Bg5 Bb7 10. Bxf6 gxf6 11. f4 Nd7 12. b4 d5 13. exd5 Qxf4 14. dxe6 fxe6
15. Nxe6 Qe5 16. O-O-O Qxe6 17. Bh5+ Kd8 18. Rhe1 Bh6+ 19. Kb1 Qc6 20. Bg4 Bc8
21. Bf3 Qc7 22. Bxa8 Bg7 23. Qe4 Qe5 24. Qf3 Qxh2 25. Qc6 Qb8 26. Nd5 Re8 27.
Rxe8+ Kxe8 28. Qe6+ Kf8 29. Re1 Ne5 30. Qe7+ Kg8 31. Nxf6+ Bxf6 32. Bd5+ 1-0

[Event "Magyar Korcsoportos Bajnokság lány18"]
[Site "Eger"]
[Date "2022.07.27"]
[Round "4.3"]
[White "Somogyi, Barbara"]
[Black "Ivan, Reka Gyongyver"]
[Result "1/2-1/2"]
[WhiteElo "1682"]
[BlackElo "1877"]
[PlyCount "109"]
[EventDate "2022.07.23"]
[EventType "tourn"]
[EventRounds "7"]
[EventCountry "HUN"]

1. e4 c6 2. c4 d5 3. exd5 cxd5 4. cxd5 Nf6 5. Bb5+ Nbd7 6. Nc3 g6 7. d4 Bg7 8.
Nf3 O-O 9. Bxd7 Qxd7 10. Ne5 Qd6 11. f4 Nxd5 12. O-O Bf5 13. Nxd5 Qxd5 14. Be3
Rac8 15. Qa4 Rc2 16. Rf2 Rxf2 17. Kxf2 Rc8 18. Rc1 Rxc1 19. Bxc1 Be4 20. Qe8+
Bf8 21. Nd7 Qxd4+ 22. Kg3 Qg7 23. Be3 b6 24. a4 Bc6 25. Qxf8+ Qxf8 26. Nxf8
Kxf8 27. b3 Bd5 28. b4 Bc6 29. a5 bxa5 30. bxa5 a6 31. Kf2 h5 32. g3 Ke8 33.
Bb6 Kd7 34. Ba7 Ke6 35. Bc5 Kd7 36. Ba7 Kd6 37. Bb8+ Kd5 38. Ke3 f6 39. Bc7 e5
40. fxe5 fxe5 41. Bb6 Kc4 42. Bd8 e4 43. Bf6 Kb4 44. Bd8 Kc3 45. Be7 Kc2 46. h4
Kd1 47. Bb4 Bb7 48. Bc3 Kc2 49. Be1 Kb3 50. Bd2 Kc4 51. Be1 Kd5 52. Bc3 Bc6 53.
Bd4 Ke6 54. Bb6 Kf5 55. Bc7 1/2-1/2

[Event "Magyar Korcsoportos Bajnokság lány18"]
[Site "Eger"]
[Date "2022.07.29"]
[Round "5.1"]
[White "Kiss, Eniko"]
[Black "Toth, Nikoletta"]
[Result "1/2-1/2"]
[WhiteElo "1646"]
[BlackElo "1914"]
[PlyCount "57"]
[EventDate "2022.07.23"]
[EventType "tourn"]
[EventRounds "7"]
[EventCountry "HUN"]

1. c4 e6 2. e4 d5 3. exd5 exd5 4. d4 Nf6 5. Nc3 c6 6. Nf3 Be7 7. Be2 Bg4 8. Qb3
Qb6 9. Qxb6 axb6 10. cxd5 Nxd5 11. Nxd5 cxd5 12. h3 Bf5 13. O-O O-O 14. Bf4 Rc8
15. Rfc1 Nc6 16. Bd2 Be4 17. Bc3 Bf6 18. Rd1 Rd8 19. Ne1 Re8 20. Bb5 Re7 21. f3
Bf5 22. g4 Bd7 23. a4 h5 24. Ng2 hxg4 25. hxg4 Nb8 26. Bb4 Re8 27. Bxd7 Nxd7
28. Nf4 b5 29. a5 1/2-1/2

[Event "Magyar Korcsoportos Bajnokság lány18"]
[Site "Eger"]
[Date "2022.07.29"]
[Round "5.2"]
[White "Ivan, Reka Gyongyver"]
[Black "Koltai, Dora"]
[Result "1/2-1/2"]
[WhiteElo "1877"]
[BlackElo "1764"]
[PlyCount "96"]
[EventDate "2022.07.23"]
[EventType "tourn"]
[EventRounds "7"]
[EventCountry "HUN"]

1. d4 d5 2. Bf4 Nf6 3. e3 c5 4. c3 e6 5. Nd2 Bd6 6. Bb5+ Nc6 7. Bxc6+ bxc6 8.
Bxd6 Qxd6 9. Qa4 O-O 10. Ngf3 cxd4 11. cxd4 Nd7 12. Rc1 Bb7 13. O-O Rfc8 14.
Nb3 a5 15. Nc5 Ba6 16. Rfe1 Bb5 17. Qc2 a4 18. Nxd7 Qxd7 19. Ne5 Qc7 20. f4 f6
21. Nf3 Ra5 22. Qd2 Bc4 23. a3 c5 24. Rc3 Qb6 25. Qc1 Rb5 26. dxc5 Rbxc5 27.
Nd4 Bb3 28. Qd2 Rxc3 29. bxc3 e5 30. fxe5 fxe5 31. Nf3 Re8 32. Qb2 Qc5 33. Kh1
Qc6 34. Rc1 Qf6 35. Qd2 Qe7 36. Ra1 Qc5 37. h3 h6 38. Qc1 Qc7 39. Qe1 Qc5 40.
Qd2 Qe7 41. Qf2 Rc8 42. Qd2 Qc7 43. Rc1 Rf8 44. Qe1 Qd6 45. Ra1 Qf6 46. Qg3 e4
47. Nd4 Rc8 48. Qe1 Qb6 1/2-1/2

[Event "Magyar Korcsoportos Bajnokság lány18"]
[Site "Eger"]
[Date "2022.07.29"]
[Round "5.3"]
[White "Sulyok, Eszter"]
[Black "Somogyi, Barbara"]
[Result "1/2-1/2"]
[WhiteElo "2091"]
[BlackElo "1682"]
[PlyCount "142"]
[EventDate "2022.07.23"]
[EventType "tourn"]
[EventRounds "7"]
[EventCountry "HUN"]

1. Nf3 d5 2. d4 Nf6 3. c4 e6 4. g3 Bd6 5. Bg2 O-O 6. O-O Nbd7 7. Nc3 c6 8. b3
b6 9. cxd5 Nxd5 10. Ne4 N7f6 11. Nxd6 Qxd6 12. Bb2 Ba6 13. Re1 Qc7 14. Rc1 Rac8
15. Ne5 Bb7 16. e4 Ne7 17. b4 Nd7 18. Nxc6 Nxc6 19. b5 Qd8 20. bxc6 Bxc6 21. d5
exd5 22. exd5 Ba8 23. Rxc8 Qxc8 24. Re7 Nc5 25. Qh5 h6 26. Qe5 Qg4 27. h3 Qg6
28. Qd4 Rd8 29. Rxa7 Qg5 30. d6 Bxg2 31. Kxg2 Qg6 32. d7 Qc6+ 33. Kh2 Ne6 34.
Qd2 Nc5 35. Qd4 Ne6 36. Qc3 Qxc3 37. Bxc3 Nc5 38. Bd4 Rxd7 39. Rxd7 Nxd7 40.
Kg2 f5 41. Kf3 Kf7 42. g4 fxg4+ 43. hxg4 g6 44. Kf4 b5 45. a3 Nb8 46. f3 Nc6
47. Bc3 Ke6 48. Bg7 h5 49. gxh5 gxh5 50. Kg5 b4 51. a4 b3 52. Bc3 Na5 53. f4
Nc4 54. f5+ Kf7 55. Kxh5 b2 56. Bxb2 Nxb2 57. a5 Nc4 58. a6 Kf6 59. a7 Nb6 60.
Kg4 Na8 61. Kf4 Nc7 62. Ke4 Na8 63. Kf4 Nc7 64. Ke4 Na8 65. Kd5 Kxf5 66. Kd6
Kf6 67. Kd7 Kf7 68. Kd8 Kf8 69. Kc8 Ke8 70. Kb8 Kd8 71. Kxa8 Kc8 1/2-1/2

[Event "Magyar Korcsoportos Bajnokság lány18"]
[Site "Eger"]
[Date "2022.07.29"]
[Round "5.4"]
[White "Juhasz, Judit"]
[Black "Buri, Kata"]
[Result "1-0"]
[WhiteElo "2037"]
[BlackElo "1730"]
[PlyCount "59"]
[EventDate "2022.07.23"]
[EventType "tourn"]
[EventRounds "7"]
[EventCountry "HUN"]

1. e4 c6 2. d4 d5 3. e5 Bf5 4. h4 Qc7 5. Nc3 h6 6. h5 e6 7. g4 Bh7 8. Bd3 Bxd3
9. Qxd3 a6 10. Bf4 c5 11. dxc5 Bxc5 12. Bg3 Nc6 13. Nf3 Nge7 14. a3 Bb6 15. Kf1
g6 16. hxg6 Nxg6 17. Re1 O-O-O 18. b4 Nce7 19. Nd2 Nc6 20. Nf3 Nce7 21. Rh5 Qc6
22. b5 axb5 23. Nxb5 Rdf8 24. Nd6+ Kb8 25. Rb1 f5 26. Nd4 Qc5 27. Nxe6 Qc6 28.
Nxf8 Rxf8 29. gxf5 Qc5 30. Qb5 1-0

[Event "Magyar Korcsoportos Bajnokság lány18"]
[Site "Eger"]
[Date "2022.07.30"]
[Round "6.1"]
[White "Toth, Nikoletta"]
[Black "Buri, Kata"]
[Result "1-0"]
[WhiteElo "1914"]
[BlackElo "1730"]
[PlyCount "49"]
[EventDate "2022.07.23"]
[EventType "tourn"]
[EventRounds "7"]
[EventCountry "HUN"]

1. Nf3 Nf6 2. g3 c5 3. Bg2 Nc6 4. c4 e5 5. Nc3 g6 6. O-O Bg7 7. Ne1 d6 8. Nc2
Be6 9. Ne3 Qd7 10. Ned5 h5 11. h4 Ng8 12. d3 Nge7 13. Bg5 O-O 14. Nf6+ Bxf6 15.
Bxf6 Nf5 16. Qd2 Kh7 17. Ne4 d5 18. Ng5+ Kg8 19. cxd5 Bxd5 20. e4 Nce7 21. exd5
Nxd5 22. Ne4 Qc7 23. Bh3 Nxf6 24. Nxf6+ Kg7 25. Nxh5+ 1-0

[Event "Magyar Korcsoportos Bajnokság lány18"]
[Site "Eger"]
[Date "2022.07.30"]
[Round "6.2"]
[White "Somogyi, Barbara"]
[Black "Juhasz, Judit"]
[Result "1/2-1/2"]
[WhiteElo "1682"]
[BlackElo "2037"]
[PlyCount "93"]
[EventDate "2022.07.23"]
[EventType "tourn"]
[EventRounds "7"]
[EventCountry "HUN"]

1. e4 c5 2. Nf3 Nc6 3. d4 cxd4 4. Nxd4 Qb6 5. Nb5 a6 6. Be3 Qa5+ 7. N5c3 Nf6 8.
Nd2 b5 9. Nb3 Qc7 10. Bd3 e6 11. O-O Be7 12. f4 d6 13. Qf3 Nb4 14. Rac1 Bb7 15.
a3 Nc6 16. a4 b4 17. Ne2 d5 18. e5 Nd7 19. Ned4 Rc8 20. Nxe6 fxe6 21. Qh5+ Kd8
22. Qf7 Na5 23. Nd4 Nc5 24. Qxg7 Re8 25. Bxh7 Bf8 26. Qg6 Re7 27. Bg8 Kd7 28.
h4 Bg7 29. Nxe6 Nxe6 30. Bxe6+ Rxe6 31. Qxg7+ Kc6 32. Qxc7+ Rxc7 33. Bd4 Bc8
34. f5 Rh6 35. Rf4 Rf7 36. Rcf1 Nc4 37. e6 Rfh7 38. g3 Nd2 39. Re1 Ne4 40. Rg4
Kd6 41. c4 bxc3 42. bxc3 Rh5 43. Rg8 Rc7 44. Rb1 Rxf5 45. Rb6+ Ke7 46. Rg7+ Kd8
47. Rg8+ 1/2-1/2

[Event "Magyar Korcsoportos Bajnokság lány18"]
[Site "Eger"]
[Date "2022.07.30"]
[Round "6.3"]
[White "Koltai, Dora"]
[Black "Sulyok, Eszter"]
[Result "0-1"]
[WhiteElo "1764"]
[BlackElo "2091"]
[PlyCount "86"]
[EventDate "2022.07.23"]
[EventType "tourn"]
[EventRounds "7"]
[EventCountry "HUN"]

1. e4 c5 2. Nf3 e6 3. d4 cxd4 4. Nxd4 a6 5. Nc3 Qc7 6. Bd3 Bc5 7. Nb3 Be7 8.
O-O Nf6 9. f4 d6 10. Kh1 b5 11. Qf3 Bb7 12. a3 Nbd7 13. Bd2 Nc5 14. Nd4 d5 15.
e5 Nfe4 16. Bxe4 Nxe4 17. Nxe4 dxe4 18. Qg3 O-O-O 19. Be3 Bc5 20. Rfd1 Rhg8 21.
b4 Bb6 22. Nb3 Bxe3 23. Qxe3 g5 24. fxg5 Qxe5 25. Qc5+ Qxc5 26. Nxc5 Rxd1+ 27.
Rxd1 Rxg5 28. Nxb7 Kxb7 29. Rd7+ Kc6 30. Rxf7 Rf5 31. Rxf5 exf5 32. Kg1 Kd5 33.
Kf2 Kd4 34. h3 Kc3 35. Ke3 Kxc2 36. g4 fxg4 37. hxg4 Kb3 38. Kxe4 Kxa3 39. Kf5
Kxb4 40. Kg5 a5 41. Kh6 a4 42. Kxh7 a3 43. g5 a2 0-1

[Event "Magyar Korcsoportos Bajnokság lány18"]
[Site "Eger"]
[Date "2022.07.30"]
[Round "6.4"]
[White "Kiss, Eniko"]
[Black "Ivan, Reka Gyongyver"]
[Result "0-1"]
[WhiteElo "1646"]
[BlackElo "1877"]
[PlyCount "80"]
[EventDate "2022.07.23"]
[EventType "tourn"]
[EventRounds "7"]
[EventCountry "HUN"]

1. c4 Nf6 2. Nc3 e6 3. e4 d6 4. g3 b6 5. Bg2 Bb7 6. Nge2 c5 7. d4 cxd4 8. Nxd4
a6 9. O-O Qc7 10. Qd3 Nbd7 11. Bd2 Ne5 12. Qe2 Qxc4 13. Be3 Qxe2 14. Ndxe2 b5
15. b3 Be7 16. Bd4 Nc6 17. e5 dxe5 18. Bxe5 O-O 19. Kh1 Na5 20. f3 Rac8 21.
Rac1 Rfd8 22. Rc2 b4 23. Rfc1 bxc3 24. Bxc3 Nc6 25. f4 Nd5 26. Bd2 Ba3 27. Re1
Ndb4 28. Bxb4 Nxb4 29. Rxc8 Bxg2+ 30. Kxg2 Rxc8 31. Rd1 g6 32. Kf1 Nd5 33. Rd3
Rc2 34. Nd4 Rxh2 35. Nc6 Rxa2 36. Ne5 Bc5 37. Nc4 Kg7 38. Ke1 Rg2 39. Kf1 Rh2
40. Ke1 h5 0-1